000 00931nam a2200265 a 4500
001 BRCA_4864
005 20190320204833.0
008 141010c1972----it-ao#####---#000-0#eng-#
041 _aeng
044 _ait
050 4 _aPG7297
_b.E45 1972
245 1 0 _aEmilia Romagna
_cby Riccardo Bacchelli ... [et al.] ; texts translated by Rudolf G. Carpanini and Margaret Meringer.
260 _aItalia
_bElecta
_c1972
300 _a440 p.
_bil. (algunas a color), 448 láminas
_c31 cm.
440 0 _aBanca Nacionale del Laboro
_912304
500 _aColección Sonia Corcuera de Mancera.
500 _aIncluye índice de ilustraciones
504 _aBibliografía: p. 425-430
651 4 _aEmilia Romagna
_vCatálogos
_xarte e historia
_zItalia
_912305
700 1 _aCarpanini, Rudolf G.
_eTraductor
_912306
700 1 _aMeringer, Margaret
_eTraductor
_912307
700 1 _aBacchelli, Riccardo
_912308
902 _aDSC
942 _2lcc
_cB
999 _c4558
_d4558